Переписка с А. Н. Верстовским

RUSMARC
00005158cbc2a2200000#x 450
001a3c01de9-e6cc-4733-b485-7c9673a774ec
00520200117120651.0
100##$a20170704l18481848k l0rusy0189 ca
1010#$arus
102##$aRU
2001#$aПереписка с А. Н. Верстовским
$j1 января - 27 декабря 1848 г.
251##$cДело
300##$aПо Московской дирекции за 1848 год
300##$aРукописный текст. Чернила
801#0$aRU
$bРГИА
$c20170704
801#1$aRU
$bГлавНИВЦ
$c20170704
$2rusmarc
801#2$aRU
$bПБ им. Б.Н. Ельцина
$c20181229
$gRCR
$2rusmarc
850##$aФедеральное казенное учреждение "Российский государственный исторический архив" (РГИА)
852##$aРГИА
$j11927
937##$hРГИА
$d12247909
$aASBIBLIO_SCAN
462#0$1001dd3991dc-24e1-42ec-8838-ca4255420416
$12001
$a1746-1850 гг.
$vД. 11927
$1251
$cОпись
$1852
$j1
461#0$10019264ebf8-de62-4f1a-9eb4-9f22098dbbd5
$12001
$aДирекция императорских театров МИДв
$1251
$cФонд
$1852
$j497
215##$a250 листов
$d36,5х26 см
371##$aДокумент не является опубликованным и широко распространяемым
105##$ay###
1222#$ad18480101##
$ad18481227##
035##$aa3c01de9-e6cc-4733-b485-7c9673a774ec
856##$uhttp://readingroom.main.prlib.ru/item.aspx?id_node=n122682184&mode=full
600#1$2nlr_sh
$3RU\NLR\AUTH\66193509
$aВерстовский
$gАлексей Николаевич
$bА.Н.
$f1799 - 1862
$jДокументы и материалы
60101$2prlib_sh
$3LIBNET\UAF\0000084209
$aРоссия
$bДирекция императорских театров
$bМосковская контора
$jДокументы и материалы
686##$2rubbk
$a85.335.41
$vLBC/M
686##$2rubbk
$a63.3(2)521-7
$vLBC/M
605##$2acquisition_Prlib
$3LIBNET\UAF\0000080478
$aГод театра в России
$lколлекция
605##$aРоссия в лицах
$lколлекция
$2acquisition_Prlib
$3DITM\AF\0000004166
Формат отображения